Les patronymes de célébrités à l'orthographe compliquée (2) - Statistiques

Statistiques générales
  • Ce quiz a été pris 59 fois
  • Le résultat moyen est 19 sur 50
Statistiques - réponses
Indice 1 Indice 2 Indice 3 Nom % Correct
Président Auvergnat Valéry Giscard d'Estaing
92%
Sportif Footballeur Zlatan Ibrahimovic
87%
Chanteur Taulier Johnny Hallyday
83%
Ecrivain Hamlet William Shakespeare
81%
Journaliste 13h Jean-Pierre Pernaut
73%
Animateurs Jumeaux Igor & Grichka Bogdanoff
69%
Femme d'affaires L'Oréal Liliane Bettencourt
63%
Chanteur Beattles Ringo Starr
62%
Ecrivain Alice Lewis Carroll
60%
Personnage bleu - Schtroumpf
58%
Sportive Cycliste Jeannie Longo
56%
Politique Prix Nobel Aristide Briand
54%
Réalisateur Un homme et une femme Claude Lelouch
52%
Président Charentais François Mitterrand
52%
Journaliste Journal TV Harry Roselmack
52%
Actrice Les Aristos Charlotte de Turckheim
52%
Acteur Métro de Paris Lorant Deutsch
50%
Magicien Las Vegas David Copperfield
48%
Président D-day Dwight Eisenhower
48%
Humoriste Chanteuse Camille Lellouche
48%
Politique FMI Dominique Strauss-Kahn
46%
Pilote F1 Kimi Raïkkönen
44%
Chanteuse Starmania Fabienne Thibeault
42%
Sportif Tennis Stéfanos Tsitsipas
42%
Poète Malouin François-René de Chateaubriand
40%
Actrice Orgueil et Préjugés Keira Knightley
40%
Chanteur Opéra Vincent Niclo
40%
Politique Mai 68 Daniel Cohn-Bendit
37%
Acteur K2000 David Hasselhoff
37%
Physicien Thermomètre Gabriel Fahrenheit
31%
Politique Meaux Jean-François Copé
29%
Réalisateur The artist Michel Hazanavicius
29%
Actrice Nouvelle vague Bernadette Lafont
29%
Philosophe Métaphysique Friedrich Nietzsche
27%
Politique Assassinée Benazir Bhutto
25%
Compositeur Rhapsody in blue George Gershwin
23%
Sportif Cycliste Joop Zoetemelk
17%
Compositeur Classique Dmitri Chostakovitch
15%
Sportif Footballeur Alain Boghossian
13%
Président Iran Mahmoud Ahmadinejad
10%
Président Albanie Enver Hoxha
10%
Acteur Le Crabe tambour Jacques Dufilho
8%
Philosophe Le monde comme volonté... Arthur Schopenhauer
8%
Médecin Cancérologue Léon Schwartzenberg
8%
Acteur La Grande évasion Richard Attenborough
6%
Militaire Maréchal Hubert Lyautey
6%
Ecrivain Du dandysme Jules Barbey d'Aurévilly
4%
Journaliste France 24 Vanessa Burggraf
4%
Militaire Maréchal Philippe Leclerc de Hauteclocque
4%
Sportif Rugby Brian O'Driscoll
2%
Aucun quiz correspondant
Distribution des résultats
% des personnes avec chaque résultat
Percentile par nombre de réponses
Votre historique - résultats
Vous n’avez pas pris ce quiz